Statistics for Deadliest Cities in the United States

Click here to take the quiz!

General Stats

  • This quiz has been taken 450 times
  • The average score is 18 of 30

Answer Stats

Homicide RateCity% Correct
43.5Detroit, MI
94%
15.1Chicago, IL
88%
19.2Miami, FL
84%
20.5Atlanta, GA
80%
10.9Houston, TX
80%
9.1Dallas, TX
79%
49.9St. Louis, MO
78%
38.7New Orleans, LA
77%
33.8Baltimore, MD
74%
15.9Philadelphia, PA
72%
16.2Cleveland, OH
70%
15.9Washington, DC
69%
16.7Kansas City, MO
68%
21.4Memphis, TN
68%
15.8Indianapolis, IN
64%
11.2Jacksonville, FL
61%
22.4Pittsburgh, PA
60%
10.0Columbus, OH
57%
15.0Milwaukee, WI
57%
23.2Buffalo, NY
53%
20.2Cincinnati, OH
52%
19.5Oakland, CA
49%
33.3Newark, NJ
42%
11.5Tulsa, OK
36%
9.2Fresno, CA
32%
8.9Tucson, AZ
30%
9.2Jersey City, NJ
27%
12.4Mobile, AL
23%
16.4Stockton, CA
21%
8.5Corpus Christi, TX
14%

Score Distribution

Percentile by Number Answered

Percent of People with Each Score

Your Score History

You have not taken this quiz